STUDY OF CLINICAL & HAEMATOLOGICAL PROFILE OF ANEMIA IN GERIATRIC PATIENTS AT SGT MEDICAL COLLAGE, HOSPITAL & RESEARCH INSTITUTE, GURUGRAM, HARYANA (Record no. 26547)

MARC details
000 -LEADER
fixed length control field 00429nam a22001457a 4500
003 - CONTROL NUMBER IDENTIFIER
control field SGT
082 ## - DEWEY DECIMAL CLASSIFICATION NUMBER
Classification number 616.024
Item number S21D
100 ## - MAIN ENTRY--PERSONAL NAME
Personal name DALAL, PRIYA
245 ## - TITLE STATEMENT
Title STUDY OF CLINICAL & HAEMATOLOGICAL PROFILE OF ANEMIA IN GERIATRIC PATIENTS AT SGT MEDICAL COLLAGE, HOSPITAL & RESEARCH INSTITUTE, GURUGRAM, HARYANA
260 ## - PUBLICATION, DISTRIBUTION, ETC. (IMPRINT)
Place of publication, distribution, etc GURUGRAM
Name of publisher, distributor, etc SGT UNIVERSITY
Year of Publication 2021
300 ## - PAGE DESCRIPTION
No. of Pages 90
650 ## - SUBJECT ADDED ENTRY--TOPICAL TERM
Topical term or geographic name as entry element MEDICINE
653 ## - KEYWORDS--INDEX TERM
Keyword term M.D
942 ## - ADDED ENTRY ELEMENTS (KOHA)
Source of classification or shelving scheme Dewey Decimal Classification
Koha item type Thesis/Dissertation
Holdings
Withdrawn status Lost status Source of classification or shelving scheme Damaged status Use restrictions Not for loan Collection code Home library Current library Shelving location Date acquired Total Checkouts Full call number Accession No. (Barcode) Date last seen Bill Date Koha item type
    Dewey Decimal Classification   Restricted Access Not For Loan MEDICAL SGT Medical Library SGT Medical Library Reference Book 25/06/2024   616.024 S21D DT1809 25/06/2024 25/06/2024 Thesis/Dissertation
    Dewey Decimal Classification   Restricted Access Not For Loan MEDICAL SGT Medical Library SGT Medical Library Reference Book 25/06/2024   616.024 S21D DT1810 25/06/2024 25/06/2024 Thesis/Dissertation